000
00235nam a22000857a 4500
008
170605b xxu||||| |||| 00| 0 eng d
100
_9
3271
_a
Bhatt. A
245
_a
Getting Aheadi main course book
260
_a
New Delhi
_b
Arya Publication
_c
2003
999
_c
6586
_d
6586